Statistiken für Zahlen in verschiedenen Sprachen

Klicken Sie hier um das Quiz zu spielen!

Allgemein

  • Dieses Quiz wurde 108 mal gespielt
  • Das Durchschnittsergebnis liegt bei 35 aus 55

Antwortstatistiken

#LinguaName% Korrekt
8Germanacht
99%
3Germandrei
99%
1Germaneins
99%
5Germanfünf
99%
9Germanneun
99%
6Germansechs
99%
7Germansieben
99%
1Frenchun
99%
4Germanvier
99%
2Germanzwei
99%
10Germanzehn
98%
0Germannull
96%
1Italianuno
95%
1Spanishuno
95%
3Italiantre
94%
3Latintres*tria
88%
2Spanishdos
87%
3Spanishtres
87%
4Italianquattro
81%
0Frenchzéro
80%
0Italianzero
80%
7Frenchsept
75%
5Frenchcinq
74%
2Frenchdeux
74%
3Frenchtrois
74%
4Frenchquatre
73%
6Italiansei
71%
8Frenchhuit
64%
5Spanishcinco
62%
6Frenchsix
62%
2Italiandue
61%
8Spanishocho
61%
9Frenchneuf
60%
9Spanishnueve
60%
6Spanishseis
59%
10Frenchdix
55%
7Spanishsiete
54%
4Spanishcuatro
52%
10Spanishdiez
49%
8Italianotto
45%
7Italiansette
44%
9Italiannove
41%
5Italiancinque
40%
0Spanishcero
35%
2Latinduo*ae*o
34%
6Latinsex
33%
10Italiandieci
29%
1Latinunus*a*um
28%
8Latinocto
19%
7Latinseptem
18%
10Latindecem
13%
9Latinnovem
12%
5Latinquinque
12%
4Latinquattuor
8%
0Latinnihil
2%

Verteilung der Resultate

Perzentil nach korrekt beantworteten Fragen

Anzahl Personen mit jedem Resultat

Ihre Resultats-Entwicklung

Sie haben dieses Quiz noch nicht gespielt